| 000 | 01278nam a22002657a 4500 | ||
|---|---|---|---|
| 999 |
_c2273 _d2273 |
||
| 003 | AR-CdUCM | ||
| 008 | 190304b ||||| |||| 00| 0 spa d | ||
| 020 | _a968-16-1248-5 | ||
| 040 |
_aMUNICIPALIDAD PROVINCIAL DEL CUSCO _cBIBLIOTECA MUNICIPAL DEL CUSCO |
||
| 041 | _hita | ||
| 082 |
_a970.004 / _bG37 |
||
| 100 |
_aGerbi, Antonello _98209 |
||
| 245 |
_aLa disputa del nuevo mundo : _bhistoria de una polémica, 1750-1900 / |
||
| 260 |
_aMéxico, D.F ; _bFondo de Cultura Económica, _c1960. |
||
| 300 |
_a681 páginas ; _c23 cm. |
||
| 440 |
_aSección de obras de historia _98210 |
||
| 500 | _aTraducción de: La disputa del nuevo mondo | ||
| 505 | _aContenido: Buffon: La inferioridad de las especies animales en América -- Algunos hombres de la ilustración -- De Pauw: la inferioridad del hombre americano -- Las primeras polémicas europeas en torno a De Pauw -- La segunda fase de la disputa -- La reacción contra De Pauw en la América española -- Hegel y sus contemporáneos -- Desvanecimiento y actualidad de la disputa -- Excursos .. | ||
| 650 |
_aHistoria de América _91537 |
||
| 650 |
_aConquista 1519-1536 _98211 |
||
| 650 |
_aInca Garcilaso de la Vega _9300 |
||
| 700 |
_aAlatorre, Antonio (Traductor) _98212 |
||
| 942 |
_2ddc _cLIBROS |
||
| 945 | _araen | ||